Statistics for B Vocabulary Words A-Z

Click here to take the quiz!

General Stats

  • This quiz has been taken 194 times
  • The average score is 13 of 26

Answer Stats

clueword% Correct
BEdison invented an electric versionbulb
90%
Dcontains plasma and white cellsblood
87%
H11am mealbrunch
81%
Loil prices are usually quoted per one of thesebarrel
70%
Uchest of drawers; or government sub-department, or info agencybureau
67%
F____ bourguignon, a French dishboeuf
66%
J___ Khalifa, the tall Dubai buildingBurj
64%
Pecumenical chess featurebishop
62%
XFrench wine-growing regionBordeaux
58%
Zsudden military attackblitz
56%
Ifamous Marshall Islands atollBikini
54%
RDutch-speaking settler of South AfricaBoer
53%
TThailand's currencybaht
51%
Yhotel porterbellboy
48%
GVitus (1681-1741), the Dane with a famous strait named after himBering
46%
Athis is a berry, believe it or notbanana
41%
Qsymbol for becquerel, the radioactivity unit that has largely repaced the curieBq
40%
Cimprovised camp, esp in scouting or mountain climbingbivouac
38%
NScottish for childbairn
37%
Msmall chickenbantam
32%
Olargest city on the Niger RiverBamako
28%
Sorganic plant matter convertible to fuelbiomass
26%
Ethe river that flows through Brisbane, AustraliaBrisbane
26%
KFlies in the _______, shoo fly shoobuttermilk
22%
WSaul (1915-2005), Canadian-US Pulitzer Prize-winnerBellow
21%
VCalifornia's Beaulieu Vineyard's bottle labelBV
19%

Score Distribution

Percentile by Number Answered

Percent of People with Each Score

Your Score History

You have not taken this quiz